| 000 | 01033cam a2200301 a 4500 | ||
|---|---|---|---|
| 001 | 52383 | ||
| 005 | 20230410102021.0 | ||
| 008 | 960205s1994 dr a b 000 0 spa | ||
| 010 | _a 96110957 | ||
| 035 | _a(OCoLC)ocm34355986 | ||
| 040 |
_aDLC _cDLC |
||
| 035 | _a(OCoLC)34355986 | ||
| 043 | _anwdr--- | ||
| 050 | 1 | 4 |
_a118 HC 153.5 _bP419e 1994 |
| 100 | 1 |
_aPeña, Víctor Manuel, _d1955- |
|
| 245 | 1 | 0 |
_aEconomía contemporánea : _bLa República Dominicana ante los retos económicos de la sociedad moderna / _cVíctor Manuel Peña. |
| 250 | _a1. ed. | ||
| 260 |
_aSanto Domingo : _bEditora Alfa y Omega, _c1994. |
||
| 300 |
_a148 p. : _bill. ; _c21 cm. |
||
| 504 | _aIncludes bibliographical references. | ||
| 651 | 0 |
_aDominican Republic _xEconomic conditions _y1961- |
|
| 651 | 0 |
_aDominican Republic _xEconomic policy. |
|
| 651 | 4 |
_aRepública Dominicana _xCondiciones económicas _y1961- |
|
| 651 | 4 |
_aRepública Dominicana _xPolítica económica. |
|
| 942 |
_2lcc _cbk |
||
| 994 |
_aC0 _bDRFGD |
||
| 946 | _aLspaulino | ||
| 999 |
_c17377 _d17377 |
||